Gares sur la ligne de Nevers à Chagny - Statistiques

Statistiques générales
  • Ce quiz a été pris 8 fois
  • Le résultat moyen est 11 sur 19
Statistiques - réponses
Département Gare % Correct
(71) Le Creusot-Ville
86%
Nièvre (58) Nevers
86%
Saône-et-Loire (71) Chagny
71%
(58) Decize
71%
(58) Imphy
71%
Nièvre (58) Luzy
71%
(58) Béard
57%
(58) Cercy-la-Tour
57%
Saône-et-Loire (71) Etang-sur-Arroux
57%
(71) Mesvres
57%
(71) Montchanin
57%
(58) Nevers-le-Banlay
57%
(58) Nevers-les-Perrières
57%
(71) Broye
43%
Saône-et-Loire (71) Cheilly-lès-Maranges
43%
(71) Marmagne-sous-Creusot
43%
(71) Saint-Léger-sur-Dheune
43%
(71) Saint-Symphorien-de-Marmagne
43%
Côte-d'Or (21) Santenay-les-Bains
43%
Aucun quiz correspondant
Distribution des résultats
% des personnes avec chaque résultat
Percentile par nombre de réponses
Votre historique - résultats
Vous n’avez pas pris ce quiz